Statistics for App by their creator

Click here to take the quiz!

General Stats

  • This quiz has been taken 4 times
  • The average score is 7 of 10

Answer Stats

CreatorApp% Correct
Mark ZuckerbergFacebook
100%
Kevin SystromInstagram
100%
Zhang YimingTikTok
100%
Evan Spiegel, Bobby Murphy, Reggie BrownSnapchat
75%
Jack Dorsey, Evan Williams, Biz Stone, Noah GlassTwitter
75%
Jan Koum, Brian ActonWhatsApp
75%
Daniel Ek, Martin LorentzonSpotify
50%
Jawed Karim, Chad Hurley, Steve ChenYoutube
50%
Alexis Barreyat et Kévin PerreauBeReal
25%
Larry Page, Sergueï BrinGoogle
25%

Score Distribution

Percentile by Number Answered

Percent of People with Each Score

Your Score History

You have not taken this quiz